| 000 | 00535cam a2200205 4500 | ||
|---|---|---|---|
| 001 | J128053 | ||
| 008 | 000000n2003 000 0 eng u | ||
| 035 | _a(Sirsi) u128053 | ||
| 050 |
_a333.336 _c18 |
||
| 110 |
_aEstates Gazette _9298 |
||
| 245 | _aUK distribution parks directory 2003 | ||
| 260 |
_aLondon _bEstates Gazette _c2003 |
||
| 300 | _a152p. ; 30cm. | ||
| 650 | _aDIRECTORIES | ||
| 650 | _aDISTRIBUTION CENTRES | ||
| 650 | _aWAREHOUSES | ||
| 650 | _aREGIONS | ||
| 690 | _aPROPERTY-COMMERCIAL PROPERTY | ||
| 942 | _n0 | ||
| 999 |
_c103862 _d103862 |
||